| 000 | 00562cam a2200205ua 4500 | ||
|---|---|---|---|
| 001 | 1676 | ||
| 008 | 110715n ii |||gr||||Z||||||eng | ||
| 020 | _a81-7099-530-2 | ||
| 040 | _cMAIN | ||
| 082 | _a330.01 | ||
| 100 |
_aPrasad, Siddheswar, _eAuthor. |
||
| 245 | 1 |
_aNew economic policy reforms & development _cby Suddheswar Prasad |
|
| 250 | _a1st. | ||
| 260 |
_aNew Delhi: _bMittal publications,993. |
||
| 300 |
_ax; 294p: _c23cm. |
||
| 653 | _aEconomics | ||
| 653 | _anew economic policy reforms & development | ||
| 700 | _aPrasad, Jagdish, | ||
| 942 | _cBK | ||
| 999 |
_c1563 _d1563 |
||